All Pokemon in Gen 6 - Statistics

General Stats
  • This quiz has been taken 51 times
  • The average score is 60 of 72
Answer Stats
N0. Type 1 Type 2 Answer % Correct
650 Grass None Chespin
100%
653 Fire None Fennekin
97%
658 Water Dark Greninja
97%
681 Steel Ghost Aegislash
95%
656 Water None Froakie
95%
717 Dark Flying Yveltal
95%
654 Fire None Braixen
92%
652 Grass Fighting Chesnaught
92%
655 Fire Psychic Delphox
92%
719 Rock Fairy Diancie
92%
657 Water None Frogadier
92%
716 Fairy None Xerneas
92%
659 Normal None Bunnelby
90%
702 Electric Fairy Dedenne
90%
680 Steel Ghost Doublade
90%
661 Normal None Fletchling
90%
704 Dragon None Goomy
90%
701 Fighting Flying Hawlucha
90%
679 Steel Ghost Honedge
90%
720 Psychic Ghost Hoopa
90%
700 Fairy None Sylveon
90%
663 Fire Flying Talonflame
90%
721 Fire Water Volcanion
90%
718 Ground Dragon Zygarde
90%
660 Normal Ground Diggersby
87%
669 Fairy None Flabebe
87%
662 Fire Flying Fletchinder
87%
706 Dragon None Goodra
87%
675 Fighting Dark Pangoro
87%
651 Grass None Quilladin
87%
705 Dragon None Sliggoo
87%
696 Rock Dragon Tyrunt
87%
670 Fairy None Floette
85%
674 Fighting None Pancham
85%
713 Ice None Avalugg
82%
673 Grass None Gogoat
82%
667 Fire Normal Litleo
82%
664 Bug None Scatterbug
82%
665 Bug None Spewpa
82%
697 Rock Dragon Tyrantrum
82%
699 Rock Ice Aurorus
79%
691 Poison Dragon Dragalge
79%
677 Psychic None Espurr
79%
671 Fairy None Florges
79%
695 Electric Normal Heliolisk
79%
694 Electric Normal Helioptile
79%
710 Ghost Grass Pumpkaboo
79%
668 Fire Normal Pyroar
79%
672 Grass None Skiddo
79%
690 Poison Water Skrelp
79%
666 Bug Flying Vivillon
79%
698 Rock Ice Amaura
77%
683 Fairy None Aromatisse
77%
711 Ghost Grass Gourgeist
77%
687 Dark Psychic Malamar
77%
678 Psychic None Meowstic
77%
715 Flying Dragon Noivern
77%
685 Fairy None Slurpuff
77%
709 Ghost Grass Trevenant
77%
712 Ice None Bergmite
74%
703 Rock Fairy Carbink
74%
686 Dark Psychic Inkay
74%
707 Steel Fairy Klefki
74%
714 Flying Dragon Noibat
74%
689 Rock Water Barbaracle
72%
708 Ghost Grass Phantump
72%
688 Rock Water Binacle
69%
682 Fairy None Spritzee
69%
684 Fairy None Swirlix
69%
693 Water None Clawitzer
64%
676 Normal None Furfrou
62%
692 Water None Clauncher
59%
No matching quizzes found
Score Distribution
Percent of People with Each Score
Percentile by Number Answered
Your Score History
You have not taken this quiz